Statistics for 20 Worlds most saline bodies of water

Click here to take the quiz!

General Stats

  • This quiz has been taken 21 times
  • The average score is 5 of 20

Answer Stats

Salt%HintAnswer% Correct
33,7%Salt lakeDead Sea
100%
1,25%LakeCaspian Sea
85%
1,3-2,3%Mediterranean seaBlack Sea
70%
3,5%OceanAtlantic Ocean
60%
3,5%OceanPacific Ocean
60%
5-27%Salt lakeGreat Salt Lake
55%
3,6- 4,1%Mediterranean seaRed Sea
45%
1%Mediterranean seaBaltic Sea
20%
4,4%Salt lakeSalton Sea
20%
2,4%Salt lakeLake Van
5%
44%Salt lakeDon Juan pond
5%
40%Salt lakeLake Retba
0%
5-28%Salt lakeLaguna Cejar
0%
8,5-28%Salt lakeLake Urmia
0%
18%Salt lakeLittle Manitou Lake
0%
3-4%Salt lakeLake Natron
0%
34,8%Salt lakeLake Assal
0%
35%LagoonGarabogazköl
0%
35%Salt lakeLake Vanda
0%
5-9,9%Salt lakeMono Lake
0%

Score Distribution

Percentile by Number Answered

Percent of People with Each Score

Your Score History

You have not taken this quiz